CA Conversions - Statistics

General Stats
  • This quiz has been taken 21 times
  • The average score is 12 of 20
Answer Stats
Hint Answer % Correct
Speeds-KTS-MPH 1.15
100%
Volumes-USG-Cups 16
100%
Weights-lbs-oz 16
100%
Speeds-KTS-KPH 1.85
100%
Times-Hour-Min. 60
100%
Distances-NM-SM 1.15
75%
Distances-NM-KM 1.85
75%
Pressures-inHg-hPa 33.86
75%
Times-Hour-Sec. 3600
75%
Speeds-KTS-FpS 1.69
67%
Volumes-USG-Quarts 4
67%
Distances-SM-FT 5280
67%
PpG-USG-Oil 7.5
67%
Distances-FT-M 0.305
50%
Speeds-KTS-M/S 0.515
50%
Volumes-USG-fl oz 128
50%
Distances-YD-FT 3
50%
PpG-USG-AVGAS 6
50%
Distances-NM-FT 6076
50%
PpG-USG-Water 8.36
50%
Weights-lbs-kg 0.454
33%
Distances-IN-CM 2.54
33%
Volumes-USG-Liters 3.78
33%
PpG-USG-Jet A 6.7
33%
Volumes-USG-Imp. G 0.833
0%
Pressures-inHg-mb 33.86
0%
Volumes-USG-Pints 8
0%
No matching quizzes found
Score Distribution
Percent of People with Each Score
Percentile by Number Answered
Your Score History
You have not taken this quiz